- Barudy Labrin, Jorge
Entry Nombre Personal
001 - NUMERO DE CONTROL
- campo de control: 33731
003 - IDENTIFICADOR DE NUMERO DE CONTROL
- campo de control: DLC
005 - FECHA Y HORA DE LA ÜLTIMA TRANSACCIÓN
- campo de control: 20221017082252.0
008 - DATOS DE LONGITUD FIJA
- campo de control de longitud fija: 221017n| acannaabn |a aaa c
010 ## - NÚMERO DE CONTROL DE LA BIBLIOTECA DEL CONGRESO
- Número de control LC: no2008053601
035 ## - NUMERO DE CONTROL
- Número de control: (OCoLC)oca07728751
040 ## - FUENTE DE CATALOGACIÓN
- Agencia original de catalogación: MX-ZcUA
- Lenguaje de catalogación: spa
- Agencia de transcripción: MX-ZcUA
- Agencia que lo modifica: MX-MxUPN
100 1# - ENCABEZAMIENTO - NOMBRE PERSONAL
- Nombre personal: Barudy Labrin, Jorge
370 ## - LUGAR ASOCIADO
- Associated country: Chile
- Place of residence/headquarters: España
372 ## - CAMPO DE ACTIVIDAD
- Field of activity: Neuropsiquiatría
- Field of activity: Psiquiatría infantil
- Field of activity: Terapia familiar
373 ## - GRUPO ASOCIADO
- Associated group: Universidad Católica de Lovania (Bélgica)
- Associated group: Centro Médico Psicosocial para exiliados y víctimas de la violencia y la tortura
- Associated group: Instituto de Formación e Investigación sobre la Violencia
374 ## - OCUPACIÓN
- Occupation: Neuropsiquiatra
- Occupation: Psiquiatra infantil
- Occupation: Terapeuta familiar
- Occupation: Profesor universitario
375 ## - GÉNERO
- Gender: masculino
377 ## - LENGUA ASOCIADA
- Language code: spa
400 1# - VEÁSE - NOMBRE DE PERSONA
- Personal name: Labrin, Jorge Barudy
670 ## - FUENTE EN LA QUE SE LOCALIZARON DATOS
- Cita de la fuente: El dolor invisible de la infancia, 1998:
- Información localizada: portada (Jorge Barudy Labrin)
670 ## - FUENTE EN LA QUE SE LOCALIZARON DATOS
- Cita de la fuente: En la obra: Los buenos tratos a la infancia, 2005:
- Información localizada: portada (Jorge Barudy) solapa delantera (Jorge Barudy, de origen chileno y formado en Bélgica, es neuropsiquiatra, psiquiatra infantil y terapeuta familiar establecido en España desde hace varios años. Fue docente en terapia familiar sistémica en la Universidad Católica de Lovaina (Bélgica) y profesor invitado de varias universidades españolas y chilenas. Fundador y director de EXIL 8Centro Médico Psicosocial para exiliados y víctimas de la violencia y la tortura) en Bélgica y España, así como del IFIV (Instituto de Formación e Investigación sobre la Violencia), es autor de El dolor invisible de la infancia: una lectura ecosistémica (1989) y Maltrato infantil. Ecología social: prevención y reparación (2000))
902 ## - CATALOGADOR
- Catalogador: NDAF/171022
